Authors Missing a Letter Quiz Stats

 Plays Quiz Updated May 30, 2019

Score 0/20 Timer 05:00
5 Plays Today
% Correct
J.K. Rowing
93%
J.D. Slinger
85.6%
Road Dahl
85.2%
Ram Stoker
83.3%
A.A. Mine
82.8%
Laura Ingalls Wider
82.4%
Ayn Ran
81.6%
Mark Twin
80.5%
Oscar Wild
78.2%
Jams Joyce
77.7%
% Correct
Beatrix Otter
77%
Douglas Dams
75.3%
Gorge R.R. Martin
72.7%
Walt Hitman
71.2%
Nicholas Spars
70.4%
Orson Scott Car
70.2%
Alert Camus
69.1%
Richard Scary
68.5%
R.L. Sine
67%
Saul Below
65.8%

You're not logged in!

Compare scores with friends on all Sporcle quizzes.
OR
Log In

Sporcle TV

Today on Sporcle TV


Watch our educational content, quiz creation guides, and fun videos on Sporcle TV.

Show Comments

Extras

Top Quizzes Today


Score Distribution

Your Account Isn't Verified!

In order to create a playlist on Sporcle, you need to verify the email address you used during registration. Go to your Sporcle Settings to finish the process.

Report this User

Report this user for behavior that violates our Community Guidelines.

Details: